000 01141cam a22002413a 4500
001 5066
003 PGUSA
005 20140828083113.0
008 040201s2004||||xxu|||||s|||||000 1 eng d
040 _aPGUSA
_beng
042 _adc
050 4 _aPS
100 1 _aVorse, Mary Heaton,
_d1874-1966
245 1 4 _aThe Whole Family :
_ba Novel by Twelve Authors
_h[electronic resource] /
_cMary Heaton Vorse
260 _bProject Gutenberg,
_c2004
505 0 _aThe father / William Dean Howells -- The old-maid aunt / Mary E. Wilkins Freeman -- The grandmother / Mary Heaton Vorse -- The daughter-in-law / Mary Stewert Cutting -- The school-girl / Elizabeth Jordan -- The son-in-law / John Kendrick Bangs -- The married son / Henry James -- The married daughter / Elizabeth Stuart Phelps -- The mother / Edith Wyatt -- The school-boy / Mary Raymond Shipman Andrews -- Peggy / Alice Brown -- The friend of the family / Henry Van Dyke.
506 _aPublic domain in the USA.
516 _aElectronic text
653 _aDomestic fiction
830 0 _aProject Gutenberg
_v5066
856 4 0 _uhttp://www.gutenberg.org/ebooks/5066
942 _cEB
999 _c234395
_d234395